| 000 | 00383nam a2200133Ia 4500 | ||
|---|---|---|---|
| 005 | 20260328101520.0 | ||
| 008 | 260328s9999||||xx |||||||||||||| ||und|| | ||
| 100 | _aTaylor, Brian Brace | ||
| 245 | 4 |
_aThe Changing Rural habitat : _b Volume I - Case Studies / _cBrian Brace Taylor |
|
| 260 | _bThe Aga Khan Awards | ||
| 300 | _a154 p. | ||
| 650 | _aARQUITECTURA VERNACULAR | ||
| 942 | _cBK | ||
| 999 |
_c9548 _d9548 |
||